<?xml version="1.0" encoding="UTF-8"?>
<marc:record xmlns:marc="http://www.loc.gov/MARC21/slim">
   <marc:leader>00000nam a2200000 a 4500</marc:leader>
   <marc:datafield ind1="0" ind2="0" tag="245">
      <marc:subfield code="a">Hayala - Das magische Elfenabenteuer</marc:subfield>
   </marc:datafield>
   <marc:datafield ind1=" " ind2="1" tag="264">
      <marc:subfield code="a">München</marc:subfield>
      <marc:subfield code="b">Universum Film</marc:subfield>
      <marc:subfield code="c">2020</marc:subfield>
   </marc:datafield>
   <marc:datafield ind1="1" ind2=" " tag="520">
      <marc:subfield code="a">Die Magie der Elfenwelt schwindet, die Blütenpracht welkt, Drachen lassen sich nicht mehr blicken. Aber sie müssen beim großen Fest, das die verschiedenen Elfen-Völker gemeinsam feiern, zu Gast sein. Prinzessin Surah versucht, das letzte Drachenei zu dessen Eltern in den Drachenbergen zu bringen, verfolgt von den Schergen der Schattenkönigin, während ihre Schwester die Völker zusammenruft und das Fest vorbereitet.</marc:subfield>
   </marc:datafield>
   <marc:datafield ind1=" " ind2=" " tag="020">
      <marc:subfield code="a">4061229013208</marc:subfield>
      <marc:subfield code="9">4061229013208</marc:subfield>
   </marc:datafield>
   <marc:datafield ind1="0" ind2=" " tag="490">
      <marc:subfield code="v">0</marc:subfield>
   </marc:datafield>
   <marc:datafield ind1=" " ind2=" " tag="300">
      <marc:subfield code="a">81 Min.</marc:subfield>
   </marc:datafield>
</marc:record>
